000 00730nam a2200157Ia 4500
008 090124s9999 xx 000 0 und d
082 _b23406
_a1464
245 _a तत्वानुसंधानसार अर्थात सुबोध अद्वैत सिध्दांत दर्शन
250 _a2
260 _c1981
300 _a364
630 _a तत्वानुसंधानसार अर्थात सुबोध अद्वैत सिध्दांत दर्शन
700 _aजोग द.वा.
730 _a तत्वानुसंधानसार अर्थात सुबोध अद्वैत सिध्दांत दर्शन
942 _cBOOK
999 _c137010
_d137010